000 00724cam a2200229 a 4500
001 000019878
005 20200929170156.0
008 820120s1966 ve 000 0 spa d
040 _aDO-SdBNP
_bspa
_cLC
_dBNPHU
050 0 0 _aPN5105.C6
_bR64
082 _ann*
_bnn*
100 1 _aRosales, Julio Horacio,
_d1885-1970.
_942413
245 1 3 _aEl cojo ilustrado /
_cJulio Rosales.
260 _aCaracas :
_bDirección de Cultura, Universidad Central de Venezuela,
_c1966.
300 _a109 p. ;
_c21 cm.
490 1 _aLetras de Venezuela
650 0 _aEl cojo ilustrado.
_942414
650 0 _aHerrera irigoyen, j. m.
_942415
830 0 _aLetras de Venezuela
_917348
910 _aCatalogación derivada / LC
049 _aBNGR
999 _c19391
_d19391